| 000 | 00406nam a22001337a 4500 | ||
|---|---|---|---|
| 082 |
_a621.38132 _bCar _cL-9, P-21 |
||
| 100 |
_aCarter, G.W _941843 |
||
| 245 |
_aThe simple calculation of electrical transients _cCarter, G.W |
||
| 260 |
_aLondon _bThe university press _c1944 |
||
| 300 |
_avii, 119 p. : _bill, ; _c18 cm. |
||
| 526 |
_a0 _b0 _c0 _d621_381320000000000_CAR |
||
| 650 |
_aMCE _9379 |
||
| 942 |
_2ddc _cBK |
||
| 999 |
_c545865 _d545865 |
||